000 01022nam a2200277Ia 4500
001 Para_10444
003 CHAP
008 220125sNovi xx 000 0 und d
010 _a209124
040 _cCHAP
090 _aPA CD - TESIS 469
100 _aBarrón Coronado, Ana Karen
_9130118
245 _aEvaluación de extractos de cachichín (Oecopetalum mexicanum) para el control in vitro de aislamientos de Colletotrichum spp.de aguacate /
_c Ana Karen Barrón Coronado; Director Santos Gerardo Leyva Mir
260 _aChapingo, Méx. :
_b el autor
300 _a1 CDS ROM (47 p.)
502 _aTesis (Ing. Agr. Esp. en Parasitología Agrícola). UACh. Departamento Parasitología Agrícola
700 _aLeyva Mir, Santos Gerardo. Director
_9171335
710 _aUACh Departamento Parasitología Agrícola
901 _aPA CD - TESIS 469
902 _aM
905 _a513220Noviembre, 2015 an 8100000000 06
910 _aNovi
942 _cPARA
942 _cPARA
_d2
999 _c209124
_d209124